000 00814nam a2200265 a 4500
001 51641
003 BD-RjUL
005 20211209075707.0
008 160901s1982 enk b 001 0 eng
020 _a0521243688
020 _z0521286425 (pbk.)
035 _a(BD-RjUL)51761
040 _aDLC
_cDLC
_dDLC
_dBD-RjUL
_beng
041 _aeng
082 0 0 _a519.535
_223
_bTOP 1982
245 0 0 _aTopics in applied multivariate analysis /
_cedited by Douglas M. Hawkins.
260 _aNew York :
_bCambridge University Press,
_cc1982.
300 _a362 p. ;
_c24 cm.
500 _aIncludes index.
650 0 _aMultivariate analysis.
_9119620
700 1 _aHawkins, Douglas M.
_9154372
710 2 _aNational Research Institute for Mathematical Sciences.
_9154373
942 _2ddc
_cBK
999 _c51641
_d51641